000 00370nam a22001217a 4500
999 _c3039
_d3039
005 20200928133128.0
008 200928b ||||| |||| 00| 0 eng d
020 _a9781408237076
040 _cCML
245 _aPre-Intermediate Market Leader: Business English Course Book.
_cCotton, D.
260 _bPearson
942 _2ddc
_cBK
_e3rd Edition
_h428
_kR
_mCOT